000 00299nam a22001337a 4500
008 180807b xxu||||| |||| 00| 0 eng d
082 _a813.52
245 _aThe Art of Public Speaking
_cLucas,S.E
260 _c2007
300 _a1
_fCD
440 _x0073216410
760 _b9th
942 _2ddc
_cMX
999 _c46913
_d46913